Quizzes
Events
Quiz Creation
Community
Videos
Private Events
Remove Ads
Sign In
Join for FREE
Feedback
Dark Mode
Quiz Categories
Sports
Geography
Music
Movies
Television
Just For Fun
Miscellaneous
History
Literature
Language
Science
Gaming
Entertainment
Religion
Holiday
For Kids
Quiz Lab
Recent
Popular Today
Quiz Kudos Today
Editor Picks
Curator Picks
Quizzes by...
Day
Popularity
Type
Ratings
Length
Year
Community
Subscriptions
Recent Discussions
Orange Saloon
Badges
Playlists
Quests
Create
Leaderboards
Showdown
Live 5
Trivia Bingo
Activity
Puzzle Library
Sporcle Events
Private Events
Virtual Trivia
Globe League
Become a Host
Pub Owners
SporcleCon
Opinionation
Our Games
Videos
Blog
Mobile Apps
Partnerships
Remove Ads and Go Orange
Feedback
Geography
Country
Landmarks
City
State
Population
World
Capital
Continent
Flags
Europe
Africa
Asia
South America
North America
Oceania
Border
Canada
United Kingdom
Topography
United States
Geography
Country
Landmarks
City
State
Population
World
Capital
Continent
Flags
Europe
Africa
Asia
South America
North America
Oceania
Border
Canada
United Kingdom
Topography
United States
Random Quiz
Search Sporcle
×
Quiz Lab
Quiz Lab
Geography
Continent
Type in answers that appear in a list
Type in answers that appear in a list
Classic
Best Score? Go Orange.
Largest Islands Stats
Can you name the Largest islands
By
D4C4NYM4N
9m
52 Questions
93 Plays
93 Plays
93 Plays
Comments
Comments
Give Quiz Kudos
Give Quiz Kudos
-
- Ratings
hide this ad
Replay
Link that replays current quiz
Next Quiz
Link to next quiz in quiz playlist
You Got
0%
They Got
Avg Score
51%
Avg Friend Score
Upgrade to see
Score Distribution
Jump to the score distribution portion of the page
Score
0/52
Timer
09:00
0
Plays Today
continent
Island
% Correct
North America
Greenland
94.6%
Oceania
Australia
91.4%
Asia
Borneo
87.1%
Africa
Madagascar
86%
Asia
Java
86%
Europe
Great Britain
82.8%
Europe
Ireland
82.5%
Asia
Sumatra
81.7%
Asia
Honshu
81.7%
Asia
Hokkaido
80.7%
Erm, Antarctica
Antarctica
80.6%
Oceania
North Island
80.6%
Asia, Oceania
New Guinea
79.6%
Oceania
South Island
79.6%
North America
Cuba
79.6%
North America and south America
America
77.4%
North America
Baffin Island
77.4%
Europe
Iceland
77.4%
Asia
Luzon
76.3%
Asia
Mindanao
75.4%
Asia
Sri Lanka
75.4%
Oceania
Tasmania
75.4%
Asia
Taiwan
73.7%
Europe
Sicily
73.7%
North America
Hispaniola
70.2%
Europe
Sardinia
68.4%
continent
Island
% Correct
North America
Ellesmere Island
63.4%
Asia
Sakhalin
63.2%
Asia
Kyushu
63.2%
North America
Victoria Island
62.4%
Asia
Sulawesi
59.1%
North America
Vancouver Island
57.9%
North America
Banks Island
54.4%
North America
Newfoundland
53.8%
Asia
Hainan
50.9%
Asia
Timor
49.1%
Africa, Europe and Asia
Afro Eurasia
48.4%
North America
Devon Island
47.4%
Oceania
New Britain
47.4%
Asia
Severny Island
45.6%
Antarctica
Alexander Island
43.9%
North America
Axel Heiberg island
43.9%
North America
Melville Island
42.1%
North America
Southampton island
42.1%
North America
Prince of Wales Island
42.1%
Asia
Yuzhny Island
42.1%
Europe
Spitzbergen
38.6%
South America
Marajo
36.8%
North America
Somerset Island
35.1%
Asia
Kotelny Island
33.3%
Antarctica
Berkner Island
31.6%
South America
Isla Grande de Tierra del Fuego
24.6%
Quiz Playlist
Details
Report
Send in Message
Add To Playlist
Classic:
Type in answers that appear in a list
Last Updated: Feb 16, 2017
Quiz Scoreboard
CHALLENGE
Sign Up to Join the Scoreboard
Show All
Scores
Hide
Comments
May contain spoilers
Recently Published
Movies - When Are They Set?
by FPL_Elf
Movies
5m
Popular People in 1961
by mucciniale
History
6m
1-10 Letter E Words III
by El_Dandy
Language
2m
More to Explore
Quiz From the Vault
Featured Blog Post
Where Did the Easter Bunny Come From?
hide this ad
You Might Also Like...
Tags
Continent Quiz
island
kilometre
largest
Size
Square
Today's Top Quizzes in Geography
Browse Geography
hide this ad
Today's Top Quizzes in Continent
Browse Continent
Top Contributed Quizzes in Geography
1
Countries of the World - No Outlines Minefield
2
Top 25 Cities of France on a map
3
Closest Countries to UK A-Z
4
One Thing in Common: United Kingdom
5
Any capital of a 'B' country per Continent
6
Blind Secret Country CLXXXVIII
7
African Flag Reveal XLV
8
Blind Ultimate Minefield: USA
9
Find the US States - No Outlines
10
One Thing in Common: Asia
Explore More
Trending Topics
Anime
NBA
Marvel
Crossword
Disney
Kpop
Harry Potter
Soccer
Country
The Office
Song
WWE
Pokémon
Puzzle
NFL
hide this ad
More By:
D4C4NYM4N
Quiz
Plays
Rating
Category
Featured
Created
Who's Biggest? (Australia)
115
3.25
Geography
Jun 8, 2014
Who's Biggest? (Canada)
98
4.00
Geography
Jun 14, 2014
Largest Islands
93
3.40
Geography
May 30, 2014
the twentieth century
53
4.00
History
May 30, 2014
the nineteenth century
25
4.00
History
May 30, 2014
Go to Creator's Profile
Score Distribution
Quiz Creator Spotlight
D4C4NYM4N
Follow
Send a Message
Quizzes Created
-
Created Quiz Play Count
-
More By This Creator
Popular Quizzes Today
1
Find the Countries of Europe - No Outlines Minefield
2
Find the US States - No Outlines Minefield
3
The Countries of the World
4
Popular People in 1961
5
US States
6
1-10 Letter E Words III
7
Find the US States
8
One Thing in Common: World Cities II
More Geography Quizzes
Largest Countries Ending in a Consonant
Editor's Pick
Trending Quizzes
Risky Map Clicking: Least Populous States A-Z
1-10 Letter F Words
1-10 Letter G Words
One Thing in Common: United Kingdom
Risky Map Clicking: Next State Alphabetically
Recently Updated
Leaping Animals
pecheneg
Reality TV Shows (A-Z)
bhenderson79
Rickey Henderson's Hall of Fame Teammates
pecheneg
Champions League XIs: Arsenal
pecheneg
Quick Pick: Celebrities in WWE's Hall of Fame
aduchscher
A-Z Keypad Blitz II
pecheneg
Multiple Oscar Actors
pecheneg
Mystery Phrase Blitz: Oscar 'Best Actors'
pecheneg
F. Scott Fitzgerald Novels
LTH
Pick 3 Villains
ddd62291
Trending Topics
NBA
Marvel
Disney
Anime
Crossword
Kpop
Harry Potter
Country
NFL
Song
WWE
The Office
Puzzle
Pokémon
Soccer
Your Account Isn't Verified!
In order to create a playlist on Sporcle, you need to verify the email address you used during registration. Go to your
Sporcle Settings
to finish the process.
Report this User
Report this user for behavior that violates our
Community Guidelines
.
Details:
Send Report
Go to the Sporcle.com Mobile Site →
Comments